00749nam a2200241 a 450000100060000000300080000600500170001400800410003102000230007203500190009504000350011404100080014908200260015710000220018324501700020525000120037526000410038730000170042850000200044550500140046565000140047970000140049352721BD-RjUL20211209075841.0160926s1973 ii ||||| |||| 001 0 eng d c: IRs. 45.00 (V-1) a(BD-RjUL)52841 aBD-RjULbengcBD-RjULdBD-RjUL aeng 223a294.594bGOH 19731 aGour, Hari Singh 14aThe Hindu code being a codified statement of Hindu law with a commentary thereon and relevant acts annotated /cby Hari Singh Gour ;Revised by B. Malik ... [et al.] a5th ed. aAllahabad :bLaw Publishers, c1973. av. ;c22 cm. aIncludes index.0 aVol. 1 -- aHindu Law aMalik, B.